000 01405naa a2200301 a 4500
003 BLK
005 20240410131447.0
007 ta
008 240325b bu |||||r|||| 00| | bu d
040 _aBLK
041 _aBUL
_cBUL
080 _aБългарска литература(изследвания)
_b821.163.2.09
_z821.163.2.09
080 _aБългарски поет, сатирик
_b929 Коларов, Иван
_z929 Коларов, Иван
100 _aВасилева, Красимира Николова
_d1952-
_gПоет, публицист, литературна критика. Журналист във вестник Утро (Дунавска правда)
_9479333
245 _a"Загриженият сатрик се смее до последен миг..."
_cКрасимира Василева
300 _a№ 73, 15 апр. 1993, с. 6
500 _a
520 _aПредставена е новата книга на Иван Коларов "Смехът е на власт"
600 0 _9425817
_aКоларов, Иван
653 _9193981
_aпоети
653 _9195878
_aрусенци
773 _tУТРО
_w292727
_dПресгрупа Утро 1990
_i. //
_x1311-9397
942 _2udc
_cSTA
_n0
944 _cГеновева Генчева
_k30560
_lГеновева Генчева
999 _c506939
_d506939
999 _d506939
999 _d506939
999 _d506939